|
|
|
|
| LEADER |
00927nam a22002657a 4500 |
| 001 |
41453 |
| 003 |
BD-DhAAL |
| 005 |
20230829124824.0 |
| 008 |
230828t1997 nyua|||| |||| 00| 0 eng d |
| 020 |
|
|
|a 0890618119E
|
| 020 |
|
|
|a 0890618860E
|
| 040 |
|
|
|a BD-DhAAL
|d BD-DhAAL
|
| 082 |
|
|
|a 428.6
|
| 245 |
|
|
|a Themes in reading :
|n Volume 1,
|b a multicultural collection /
|c edited by Marilyn Cunningham.
|
| 260 |
|
|
|a Lincolnwood, IL :
|b Jamestown Publishers,
|c c1997.
|
| 300 |
|
|
|a vii, 149 pages :
|b illustrations ;
|c 24 cm.
|
| 526 |
|
|
|a A donation from Ayesha Abed Foundation
|
| 541 |
|
|
|e 41453
|
| 650 |
|
|
|a Readers (Secondary).
|
| 650 |
|
|
|a Readers.
|
| 700 |
|
|
|a Cunningham, Marilyn.
|9 19260
|
| 852 |
|
|
|a Ayesha Abed Library
|c General Stacks
|
| 942 |
|
|
|2 ddc
|c BK
|
| 999 |
|
|
|c 46140
|d 46140
|
| 952 |
|
|
|0 0
|1 0
|2 ddc
|4 0
|6 428_600000000000000_THE
|7 0
|9 74305
|a SCL
|b SCL
|c GEN
|d 2023-08-28
|l 0
|o 428.6 THE
|p 3020041453
|r 2023-08-28
|t 1
|w 2023-08-28
|y BK
|